000 00306nam a22001217a 4500
082 _a200
_bELA/S
100 _aELAYATU, KUNJIKUTTAN
245 _aSREE GURUVAYURAPPAN
_bTEMPLE GRACE AND LEGENDS
260 _aTHRISSUR
_bH & C PUBLISHING HOUSE
_c2002
300 _a50
650 _aSPIRITUAL
_zKERALA
942 _cBK
999 _c4709
_d4709